Diseno del sistema de control interno para la Universidad Pedaqogica Nacional (Registro nro. 27461)
[ vista simple ]
| 000 -CABECERA | |
|---|---|
| campo de control de longitud fija | 00873nam a2200253Ia 4500 |
| 001 - NÚMERO DE CONTROL | |
| campo de control | 27461 |
| 003 - IDENTIFICADOR DEL NÚMERO DE CONTROL | |
| campo de control | 91458 |
| 005 - FECHA Y HORA DE LA ÚLTIMA TRANSACCIÓN | |
| campo de control | 20251029075751.0 |
| 008 - DATOS DE LONGITUD FIJA--INFORMACIÓN GENERAL | |
| campo de control de longitud fija | ||||||n9999 ||| || || |
| 041 ## - CÓDIGO DE LENGUA | |
| Código de lengua del texto/banda sonora o título independiente | spa |
| 100 ## - ENTRADA PRINCIPAL--NOMBRE DE PERSONA | |
| Nombre de persona | Contreras Ruiz, Wilder |
| 9 (RLIN) | 38748 |
| 245 #0 - MENCIÓN DE TÍTULO | |
| Título | Diseno del sistema de control interno para la Universidad Pedaqogica Nacional |
| 260 ## - PUBLICACIÓN, DISTRIBUCIÓN, ETC. | |
| Lugar de publicación, distribución, etc. | Bogotá : |
| Nombre del editor, distribuidor, etc. | Escuela Superior de Administración Pública - ESAP, |
| Fecha de publicación, distribución, etc. | 1994. |
| 300 ## - DESCRIPCIÓN FÍSICA | |
| Extensión | 329h |
| 500 ## - NOTA GENERAL | |
| Nota general | ESAP. Facultad de Ciencias politicas y Administrativas. Grado. Administrador Publico |
| 562 ## - NOTA DE IDENTIFICACIÓN DE LA COPIA Y VERSIÓN | |
| Número de copias | 1 |
| 650 #0 - PUNTO DE ACCESO ADICIONAL DE MATERIA--TÉRMINO DE MATERIA | |
| Término de materia o nombre geográfico como elemento de entrada | CONTROL INTERNO |
| 9 (RLIN) | 12480 |
| 650 #0 - PUNTO DE ACCESO ADICIONAL DE MATERIA--TÉRMINO DE MATERIA | |
| Término de materia o nombre geográfico como elemento de entrada | GESTIÓN ADMINISTRATIVA DE PERSONAL |
| 9 (RLIN) | 11866 |
| 650 ## - PUNTO DE ACCESO ADICIONAL DE MATERIA--TÉRMINO DE MATERIA | |
| Término de materia o nombre geográfico como elemento de entrada | SISTEMAS DE CONTROL |
| 9 (RLIN) | 10355 |
| 650 #0 - PUNTO DE ACCESO ADICIONAL DE MATERIA--TÉRMINO DE MATERIA | |
| Término de materia o nombre geográfico como elemento de entrada | Tesis y disertaciones académicas |
| 9 (RLIN) | 3 |
| 650 #0 - PUNTO DE ACCESO ADICIONAL DE MATERIA--TÉRMINO DE MATERIA | |
| Término de materia o nombre geográfico como elemento de entrada | UNIVERSIDAD PEDAGOGICA NACIONAL |
| Subdivisión cronológica | 1996 |
| 9 (RLIN) | 40165 |
| 650 #0 - PUNTO DE ACCESO ADICIONAL DE MATERIA--TÉRMINO DE MATERIA | |
| Término de materia o nombre geográfico como elemento de entrada | Universidades |
| 9 (RLIN) | 115 |
| 942 ## - ELEMENTOS DE PUNTO DE ACCESO ADICIONAL (KOHA) | |
| Tipo de ítem Koha | Tesis |
| Estado de retiro | Estado de pérdida | Estado dañado | No para préstamo | Código de colección | Localización permanente | Ubicación/localización actual | Coste, precio normal de compra | Total de préstamos | Signatura topográfica completa | Código de barras | Número de copia | Tipo de ítem Koha |
|---|---|---|---|---|---|---|---|---|---|---|---|---|
| Trabajos de Grado | Bogotá - Sede Central | Bogotá - Sede Central | 0.00 | BOG011 1995 | 85891 | 1 | Tesis |

